[Event "Mercredi 2019.05.08 ABCD"]
[Site "Montreal CAN"]
[Date "2019.05.15"]
[Round "2"]
[White "Gates, Claude-Eric"]
[Black "Barko, Maxim"]
[Result "1-0"]
[WhiteElo "1849"]
[BlackElo "1832"]
[PlyCount "33"]
[EventDate "2019.05.08"]
[EventType "tourn"]
[EventRounds "5"]
[EventCountry "CAN"]

1. d4 Nf6 2. Nf3 e6 3. g3 b5 4. Bg2 Bb7 5. O-O Be7 6. b3 O-O 7. c4 bxc4 8. bxc4
c5 9. e3 Qc8 10. Ba3 Ne4 11. Nbd2 Nxd2 12. Qxd2 Be4 13. Rfd1 Qc6 14. Ne5 Qa6
15. Bxe4 d5 16. cxd5 f5 17. Bg2 1-0

[Event "Mercredi 2019.05.08 ABCD"]
[Site "Montreal CAN"]
[Date "2019.05.15"]
[Round "2"]
[White "Gauthier, Luc"]
[Black "O'Connor, Michael"]
[Result "0-1"]
[WhiteElo "1759"]
[BlackElo "1750"]
[PlyCount "88"]
[EventDate "2019.05.08"]
[EventType "tourn"]
[EventRounds "5"]
[EventCountry "CAN"]

1. e4 c6 2. d4 d5 3. f3 e6 4. Nc3 Bd6 5. e5 Bf8 6. Be3 Nd7 7. f4 Qb6 8. a3 Nh6
9. Bd3 a6 10. Nf3 c5 11. f5 Ng4 12. Bg1 c4 13. fxe6 fxe6 14. Bxh7 Rxh7 15. Ng5
Rh6 16. Qf3 Be7 17. Qxg4 Qxb2 18. Nxe6 Qxc3+ 19. Ke2 Rxe6 20. Qxe6 Qxa1 21.
Qg8+ Nf8 22. Qxd5 Qc3 23. Qe4 g6 24. Be3 Bf5 25. Qxb7 Qxc2+ 26. Kf3 Rd8 27.
Qc6+ Bd7 28. Qxa6 Qf5+ 29. Ke2 Qe4 30. Rf1 Bg4+ 31. Kf2 c3 32. Qb5+ Nd7 33. Qc4
c2 34. Bc1 Bh4+ 35. Kg1 Nxe5 36. Qg8+ Kd7 37. Qg7+ Kc8 38. dxe5 Rd1 39. Qf8+
Kd7 40. Qf7+ Be7 41. Qf2 Rxf1+ 42. Kxf1 Qd3+ 43. Kg1 Qd1+ 44. Qf1 Bc5+ 0-1

[Event "Mercredi 2019.05.08 ABCD"]
[Site "Montreal CAN"]
[Date "2019.05.15"]
[Round "2"]
[White "Giurgiev, Silvius"]
[Black "Autotte, Daniel"]
[Result "1/2-1/2"]
[WhiteElo "1687"]
[BlackElo "1727"]
[PlyCount "46"]
[EventDate "2019.05.08"]
[EventType "tourn"]
[EventRounds "5"]
[EventCountry "CAN"]

1. e4 d5 2. exd5 Qxd5 3. Nf3 Nf6 4. d4 c6 5. c4 Qd8 6. h3 Bf5 7. Bd3 Bxd3 8.
Qxd3 Nbd7 9. Nc3 e6 10. O-O Be7 11. Be3 O-O 12. Rfd1 Qc7 13. Rac1 Rfd8 14. Qe2
Bd6 15. a3 a5 16. Nd2 e5 17. Nce4 exd4 18. Bxd4 Be5 19. Nf3 Bxd4 20. Rxd4 Nxe4
21. Rxe4 Kf8 22. Re1 Nf6 23. Re7 Rd7 1/2-1/2

[Event "Mercredi 2019.05.08 ABCD"]
[Site "Montreal CAN"]
[Date "2019.05.15"]
[Round "2"]
[White "Li, Yi Lin"]
[Black "Boudreau, Daniel"]
[Result "0-1"]
[WhiteElo "2047"]
[BlackElo "2023"]
[PlyCount "78"]
[EventDate "2019.05.08"]
[EventType "tourn"]
[EventRounds "5"]
[EventCountry "CAN"]

1. e4 c5 2. Nf3 Nc6 3. d4 cxd4 4. Nxd4 e6 5. Be3 Qc7 6. Nb5 Qb8 7. c4 a6 8.
N5c3 Nf6 9. f4 d6 10. Be2 Be7 11. O-O O-O 12. g4 b6 13. g5 Nd7 14. f5 Rd8 15.
Qe1 Nde5 16. Qf2 Nb4 17. f6 Bf8 18. fxg7 Bxg7 19. Na3 Rd7 20. Rad1 Nbc6 21. Na4
Raa7 22. Nxb6 Rab7 23. Nxd7 Rxd7 24. b3 Bb7 25. Qh4 Ng6 26. Qg3 Nce5 27. Bf3
Nxf3+ 28. Qxf3 Qa8 29. c5 Bxe4 30. Qh3 d5 31. Nc4 d4 32. Nb6 Qc6 33. Nxd7 Qxd7
34. Qg4 Qd5 35. c6 Ne5 36. c7 Nxg4 37. c8=Q+ Bf8 38. Qc7 e5 39. Bc1 d3 0-1

[Event "Mercredi 2019.05.08 ABCD"]
[Site "Montreal CAN"]
[Date "2019.05.15"]
[Round "2"]
[White "Lopez Linares, Lizandro"]
[Black "Yu, Zong Yang"]
[Result "1/2-1/2"]
[WhiteElo "2232"]
[BlackElo "2484"]
[PlyCount "67"]
[EventDate "2019.05.08"]
[EventType "tourn"]
[EventRounds "5"]
[EventCountry "CAN"]

1. d4 Nf6 2. Nf3 e6 3. c4 b6 4. a3 Ba6 5. Qc2 Bb7 6. Nc3 c5 7. dxc5 bxc5 8. Bg5
Be7 9. O-O-O Bxf3 10. gxf3 Nc6 11. e3 Nh5 12. Bxe7 Qxe7 13. f4 O-O 14. Bg2 Rac8
15. Qa4 Nf6 16. Bxc6 dxc6 17. Rd2 e5 18. fxe5 Qxe5 19. Rhd1 Rc7 20. Qa5 h5 21.
f4 Qe7 22. e4 Rb7 23. e5 Ng4 24. Re1 Rd7 25. Rxd7 Qxd7 26. Qxc5 Qf5 27. h3
Qxf4+ 28. Kb1 Qg3 29. Re2 Qxh3 30. Qxc6 Qd3+ 31. Ka2 Ne3 32. e6 Nd1 33. exf7+
Kh8 34. Re8 1/2-1/2

[Event "Mercredi 2019.05.08 ABCD"]
[Site "Montreal CAN"]
[Date "2019.05.15"]
[Round "2"]
[White "Nardone, Raul"]
[Black "Guipi Bopala, Prince Eric jr"]
[Result "1/2-1/2"]
[WhiteElo "1765"]
[BlackElo "1824"]
[PlyCount "69"]
[EventDate "2019.05.08"]
[EventType "tourn"]
[EventRounds "5"]
[EventCountry "CAN"]

1. Nf3 d5 2. d4 e6 3. Bg5 Be7 4. Bxe7 Qxe7 5. c3 Nf6 6. g3 O-O 7. Bg2 b6 8. O-O
Bb7 9. Ne5 Nbd7 10. f4 c5 11. e3 Rac8 12. Na3 Rfd8 13. Nc2 Ne4 14. Ne1 Ndf6 15.
N1d3 h6 16. a4 a6 17. Nf2 Nxf2 18. Rxf2 Ne4 19. Rc2 b5 20. axb5 axb5 21. Ra7
Qc7 22. Qa1 Ra8 23. Rxa8 Rxa8 24. Qc1 Qd6 25. Nd3 c4 26. Nb4 Qb6 27. Qe1 Qc7
28. Rc1 Qa5 29. Bxe4 dxe4 30. Kg2 Bd5 31. Qf2 f5 32. Qe2 Qc7 33. h4 Qf7 34. Kf2
h5 35. Qd1 1/2-1/2

[Event "Mercredi 2019.05.08 ABCD"]
[Site "Montreal CAN"]
[Date "2019.05.15"]
[Round "2"]
[White "Nunez, Omar"]
[Black "Jacquet, Stephane"]
[Result "1/2-1/2"]
[WhiteElo "1899"]
[BlackElo "1938"]
[PlyCount "89"]
[EventDate "2019.05.08"]
[EventType "tourn"]
[EventRounds "5"]
[EventCountry "CAN"]

1. e4 d6 2. f4 c5 3. Nf3 g6 4. g3 Bg7 5. Bg2 Nc6 6. d3 e6 7. O-O Nge7 8. Qe1
Nd4 9. Na3 b5 10. c3 Nxf3+ 11. Bxf3 Rb8 12. Be3 Ba6 13. Rd1 Qc7 14. Be2 b4 15.
cxb4 Bxb2 16. b5 Bxa3 17. Qc3 O-O 18. Qxa3 Bxb5 19. f5 gxf5 20. Bh6 f6 21. Bxf8
Rxf8 22. exf5 Nxf5 23. Rxf5 exf5 24. Qb3+ d5 25. Qxb5 Rb8 26. Qa4 Qe5 27. Qf4
Rb2 28. Bf3 Qe6 29. Qc1 Qe5 30. Qxc5 Kg7 31. Qxa7+ Kg6 32. Rf1 d4 33. Qa8 Qe3+
34. Kh1 Qxd3 35. Qg8+ Kh6 36. Qf8+ Kg6 37. Qg8+ Kh6 38. Qf8+ Kg6 39. Bh5+ Kxh5
40. Qf7+ Kg5 41. Qg7+ Kh5 42. Qxh7+ Kg5 43. Qg7+ Kh5 44. Qh7+ Kg5 45. Qg7+
1/2-1/2

[Event "Mercredi 2019.05.08 ABCD"]
[Site "Montreal CAN"]
[Date "2019.05.15"]
[Round "2"]
[White "Pomerantz, Daniel"]
[Black "Tremblay, Alain"]
[Result "1/2-1/2"]
[WhiteElo "2156"]
[BlackElo "2076"]
[PlyCount "111"]
[EventDate "2019.05.08"]
[EventType "tourn"]
[EventRounds "5"]
[EventCountry "CAN"]

1. e4 e5 2. Nf3 Nc6 3. Bb5 a6 4. Ba4 Nf6 5. O-O Be7 6. Re1 b5 7. Bb3 O-O 8. h3
d6 9. c3 Na5 10. Bc2 c5 11. d4 Qc7 12. Nbd2 Bd7 13. d5 Ne8 14. Nf1 g6 15. Ng3
Ng7 16. Bh6 Nb7 17. Nh2 Nd8 18. f4 exf4 19. Bxf4 f6 20. Ng4 Nf7 21. a4 Ne5 22.
Nh6+ Kh8 23. Qe2 Rab8 24. Rf1 c4 25. a5 Nf7 26. Nxf7+ Rxf7 27. Be3 Rbf8 28. Bd4
Kg8 29. Rf3 Ne8 30. Qe3 Qd8 31. Bb6 Qc8 32. Ne2 Bd8 33. Bd4 Nc7 34. Qf4 Be7 35.
Qg3 f5 36. Raf1 fxe4 37. Rxf7 Rxf7 38. Rxf7 Kxf7 39. Bxe4 Bf5 40. Qf4 Kg8 41.
Ng3 Bxe4 42. Qxe4 Qd7 43. Ne2 Bg5 44. Nf4 Bxf4 45. Qxf4 Qe7 46. Qg4 Qe8 47. Qg5
Qf8 48. Kh2 Ne8 49. Qe3 Qf7 50. Qe4 Nf6 51. Bxf6 Qxf6 52. Qe8+ Kg7 53. Qc6 Qf4+
54. Kh1 Qc1+ 55. Kh2 Qf4+ 56. Kh1 1/2-1/2

[Event "Mercredi 2019.05.08 ABCD"]
[Site "Montreal CAN"]
[Date "2019.05.15"]
[Round "2"]
[White "Zheng, Richard"]
[Black "Feoktistov, Dmitri"]
[Result "1/2-1/2"]
[WhiteElo "2170"]
[BlackElo "2198"]
[PlyCount "78"]
[EventDate "2019.05.08"]
[EventType "tourn"]
[EventRounds "5"]
[EventCountry "CAN"]

1. b3 f5 2. Bb2 Nf6 3. e3 g6 4. Nf3 Bg7 5. Be2 O-O 6. O-O d6 7. d4 c6 8. c4 Ne4
9. Nc3 Nd7 10. Nd2 Ndf6 11. Ndxe4 Nxe4 12. Qc2 Nxc3 13. Bxc3 e5 14. Rfd1 Qh4
15. c5 f4 16. e4 f3 17. g3 Qg4 18. Bf1 d5 19. dxe5 dxe4 20. Qd2 Be6 21. Bd4
Rad8 22. Qc3 Rd5 23. Bc4 Rfd8 24. Bxd5 Bxd5 25. Qe1 h5 26. Qf1 e3 27. Bxe3 Bxe5
28. Rac1 Kg7 29. Re1 h4 30. Bh6+ Kxh6 31. Rxe5 hxg3 32. hxg3 Rh8 33. Rd1 Kg7
34. Rexd5 cxd5 35. Rxd5 Kf7 36. Rd6 Ke7 37. Qe1+ Kf7 38. Qf1 Ke7 39. Qe1+ Kf7
1/2-1/2

[Event "Mercredi 2019.05.08 ABCD"]
[Site "Montreal CAN"]
[Date "2019.05.22"]
[Round "3"]
[White "Alcantara, Maximo jr"]
[Black "Giurgiev, Silvius"]
[Result "0-1"]
[WhiteElo "1706"]
[BlackElo "1687"]
[PlyCount "148"]
[EventDate "2019.05.08"]
[EventType "tourn"]
[EventRounds "5"]
[EventCountry "CAN"]

1. Nf3 d5 2. d4 Bf5 3. g3 Nf6 4. Bg2 e6 5. O-O Nbd7 6. c3 Bd6 7. Re1 O-O 8.
Nbd2 h6 9. Nh4 Bh7 10. e4 dxe4 11. Nxe4 Nxe4 12. Bxe4 Bxe4 13. Rxe4 Nf6 14. Re1
c5 15. Be3 Nd5 16. Ng2 Nxe3 17. fxe3 Qb6 18. Qb3 Qc6 19. e4 b5 20. a4 a6 21. d5
Qb6 22. c4 exd5 23. exd5 Rab8 24. axb5 axb5 25. Ne3 Rfd8 26. Re2 Bf8 27. Rd1
Qa6 28. Qd3 bxc4 29. Qxc4 Qf6 30. Rf2 Qe5 31. Ng4 Qh5 32. Rdd2 Rb4 33. Nxh6+
Qxh6 34. Qf1 Qg6 35. Qh3 Re4 36. Qf5 Qxf5 37. Rxf5 Bd6 38. Rf3 Be5 39. Rb3 g6
40. Kg2 Bd4 41. Rb5 Rxd5 42. b4 Rde5 43. bxc5 Bxc5 44. h4 Re2+ 45. Rxe2 Rxe2+
46. Kf3 Re5 47. g4 Kg7 48. Kf4 Bd6 49. Rb6 Re6+ 50. Kf3 Re3+ 51. Kf2 Rd3 52.
Ke2 Rd4 53. Kf3 Be7 54. h5 gxh5 55. gxh5 Rh4 56. Rb5 f6 57. Rb7 Kf7 58. Rb5 Ke6
59. Rb6+ Bd6 60. Rb5 Be5 61. Rb6+ Kf5 62. h6 Rxh6 63. Rb5 Rh3+ 64. Kg2 Rd3 65.
Kf2 Ke4 66. Rb4+ Bd4+ 67. Ke2 Rh3 68. Rb7 Rh2+ 69. Ke1 f5 70. Re7+ Kf3 71. Rf7
f4 72. Rb7 Be3 73. Kd1 Rd2+ 74. Ke1 Rc2 0-1

[Event "Mercredi 2019.05.08 ABCD"]
[Site "Montreal CAN"]
[Date "2019.05.22"]
[Round "3"]
[White "Audet, Eric"]
[Black "Gates, Claude-Eric"]
[Result "1-0"]
[WhiteElo "1829"]
[BlackElo "1849"]
[PlyCount "93"]
[EventDate "2019.05.08"]
[EventType "tourn"]
[EventRounds "5"]
[EventCountry "CAN"]

1. e4 c5 2. Nf3 g6 3. d4 cxd4 4. Nxd4 Nc6 5. c4 Nf6 6. Nc3 Nxd4 7. Qxd4 d6 8.
e5 dxe5 9. Qxe5 Bg7 10. Be2 O-O 11. O-O Be6 12. Rd1 Qc8 13. Qb5 Bd7 14. Qa5 Bc6
15. Nd5 Re8 16. Qa3 Nxd5 17. cxd5 Bd7 18. Bd3 Bg4 19. Re1 Qd7 20. Qb3 Rad8 21.
Bb5 Qc7 22. Bxe8 Rxe8 23. Be3 b6 24. Bd2 Bc8 25. Rac1 Qd8 26. Bg5 Bb7 27. Rcd1
Qd6 28. Qa3 Qxa3 29. bxa3 Kf8 30. d6 f6 31. dxe7+ Rxe7 32. Rxe7 Kxe7 33. Be3
Bc8 34. a4 Be6 35. Rd2 f5 36. Bd4 Bh6 37. Rc2 Bf4 38. a5 bxa5 39. Bxa7 a4 40.
Bc5+ Kd7 41. Bb4 Bd5 42. a3 Ke6 43. Re2+ Kf6 44. Re7 h6 45. g3 Bd2 46. Ra7 Bxb4
47. axb4 {time} 1-0

[Event "Mercredi 2019.05.08 ABCD"]
[Site "Montreal CAN"]
[Date "2019.05.22"]
[Round "3"]
[White "Autotte, Daniel"]
[Black "Gauthier, Luc"]
[Result "1/2-1/2"]
[WhiteElo "1727"]
[BlackElo "1759"]
[PlyCount "69"]
[EventDate "2019.05.08"]
[EventType "tourn"]
[EventRounds "5"]
[EventCountry "CAN"]

1. d4 d5 2. Nf3 Nc6 3. Bf4 Bf5 4. c3 e6 5. e3 Bd6 6. Bg3 a6 7. Bd3 Nge7 8. Qc2
Bxg3 9. hxg3 Bxd3 10. Qxd3 Ng6 11. Nbd2 e5 12. dxe5 Ncxe5 13. Nxe5 Nxe5 14. Qf5
Ng6 15. O-O-O c6 16. e4 Qa5 17. Kb1 Rd8 18. exd5 Qxd5 19. Rhe1+ Ne7 20. Qg4
Qd3+ 21. Ka1 Qg6 22. Qb4 Rd7 23. Nc4 Rxd1+ 24. Rxd1 Qc2 25. Re1 O-O 26. Qxe7
Qxf2 27. Nd6 g6 28. Ne8 Qxg3 29. Rh1 h5 30. Nf6+ Kg7 31. Nxh5+ gxh5 32. Rxh5
Kg6 33. Re5 f6 34. Re2 Rf7 35. Qe4+ 1/2-1/2

[Event "Mercredi 2019.05.08 ABCD"]
[Site "Montreal CAN"]
[Date "2019.05.22"]
[Round "3"]
[White "Barko, Maxim"]
[Black "Nardone, Raul"]
[Result "1-0"]
[WhiteElo "1832"]
[BlackElo "1765"]
[PlyCount "65"]
[EventDate "2019.05.08"]
[EventType "tourn"]
[EventRounds "5"]
[EventCountry "CAN"]

1. d4 Nf6 2. Bg5 Ne4 3. Bf4 c5 4. f3 Qa5+ 5. c3 Nf6 6. d5 d6 7. e4 Nbd7 8. Bd3
g6 9. Ne2 Bg7 10. Qd2 h5 11. Na3 a6 12. Nc4 Qc7 13. a4 b6 14. O-O Bb7 15. Be3
Ne5 16. Nxe5 dxe5 17. Bc4 Qd6 18. Rab1 O-O 19. b4 Rfb8 20. Nc1 cxb4 21. Rxb4
Bc8 22. Nd3 Qc7 23. Nb2 Bd7 24. Qd3 b5 25. axb5 axb5 26. Rxb5 Rxb5 27. Bxb5
Bxb5 28. Qxb5 Rb8 29. Qc6 Qa5 30. Nd3 Ne8 31. Qc5 Qd8 32. Nb4 Rc8 33. Nc6 1-0

[Event "Mercredi 2019.05.08 ABCD"]
[Site "Montreal CAN"]
[Date "2019.05.22"]
[Round "3"]
[White "Beaulieu, Pierre"]
[Black "Nunez, Omar"]
[Result "0-1"]
[WhiteElo "1934"]
[BlackElo "1899"]
[PlyCount "46"]
[EventDate "2019.05.08"]
[EventType "tourn"]
[EventRounds "5"]
[EventCountry "CAN"]

1. b3 Nf6 2. Bb2 g6 3. g3 Bg7 4. Bg2 c5 5. e3 Nc6 6. Ne2 d5 7. O-O O-O 8. d3 e6
9. Nd2 Bd7 10. a3 a5 11. Rb1 Rb8 12. c4 Ne7 13. Be5 Rc8 14. d4 cxd4 15. Nxd4
Nc6 16. Bd6 Re8 17. Nb5 Ne7 18. Nd4 Nc6 19. N2f3 Ne4 20. Nxc6 Bxc6 21. Be5 Bxe5
22. Nxe5 Nc3 23. Qd4 Ne2+ 0-1

[Event "Mercredi 2019.05.08 ABCD"]
[Site "Montreal CAN"]
[Date "2019.05.22"]
[Round "3"]
[White "Boudreau, Daniel"]
[Black "Baran, Marius"]
[Result "1/2-1/2"]
[WhiteElo "2023"]
[BlackElo "1857"]
[PlyCount "106"]
[EventDate "2019.05.08"]
[EventType "tourn"]
[EventRounds "5"]
[EventCountry "CAN"]

1. e4 d5 2. exd5 Nf6 3. Bb5+ Bd7 4. Be2 Bf5 5. Nf3 Nxd5 6. d4 Nc6 7. a3 e6 8.
c4 Nf6 9. Nc3 Be7 10. O-O O-O 11. b4 Ne4 12. Bb2 Bf6 13. Nxe4 Bxe4 14. Ne5 Bxe5
15. dxe5 Qg5 16. f3 Qe3+ 17. Rf2 Rad8 18. Qe1 Bg6 19. f4 Nd4 20. Bf1 Qxe1 21.
Rxe1 Nc6 22. g4 Ne7 23. Kg2 Rd7 24. Kf3 Rfd8 25. Ke3 Bd3 26. Rd2 Bxf1 27. Rxd7
Rxd7 28. Rxf1 g6 29. Rc1 a6 30. Rc3 h6 31. Rd3 Rxd3+ 32. Kxd3 Kf8 33. a4 Ke8
34. b5 axb5 35. axb5 Kd7 36. Ba3 Nc8 37. Bc5 b6 38. Bf8 h5 39. h3 Na7 40. Ke4
hxg4 41. hxg4 c6 42. bxc6+ Nxc6 43. Kd3 Na5 44. Kc3 Kc6 45. Kb4 Nb7 46. Be7 Kd7
47. Bf8 Kc6 48. Be7 Kd7 49. Bh4 Kc6 50. Bf2 Nd8 51. Bh4 Nb7 52. Bf2 Nd8 53. Bh4
Nb7 1/2-1/2

[Event "Mercredi 2019.05.08 ABCD"]
[Site "Montreal CAN"]
[Date "2019.05.24"]
[Round "3"]
[White "Feoktistov, Dmitri"]
[Black "Lopez Linares, Lizandro"]
[Result "1-0"]
[WhiteElo "2198"]
[BlackElo "2232"]
[PlyCount "33"]
[EventDate "2019.05.08"]
[EventType "tourn"]
[EventRounds "5"]
[EventCountry "CAN"]

1. d4 Nf6 2. c4 c5 3. d5 b5 4. Nf3 g6 5. cxb5 a6 6. b6 Qxb6 7. Nc3 d6 8. e4 Bg7
9. Nd2 Nfd7 10. a4 Qb4 11. Ra3 Ne5 12. f4 Ng4 13. Nc4 Bd4 14. Rb3 Bxc3+ 15.
bxc3 Qxa4 16. Nb6 Qa2 17. Be2 1-0

[Event "Mercredi 2019.05.08 ABCD"]
[Site "Montreal CAN"]
[Date "2019.05.22"]
[Round "3"]
[White "Guipi Bopala, Prince Eric jr"]
[Black "Fortin-Lavoie, Patrice"]
[Result "1-0"]
[WhiteElo "1824"]
[BlackElo "1803"]
[PlyCount "35"]
[EventDate "2019.05.08"]
[EventType "tourn"]
[EventRounds "5"]
[EventCountry "CAN"]

1. d4 d5 2. Bf4 Nc6 3. e3 Nf6 4. c4 e6 5. Nf3 Bd6 6. Bg5 h6 7. Bh4 dxc4 8. Bxc4
g5 9. Bg3 Ne4 10. Nc3 Nxg3 11. hxg3 Na5 12. Be2 Bd7 13. Rc1 Qe7 14. a3 O-O-O
15. Nb5 Bxb5 16. Bxb5 f5 17. Qa4 Nc6 18. Rxc6 1-0

[Event "Mercredi 2019.05.08 ABCD"]
[Site "Montreal CAN"]
[Date "2019.05.22"]
[Round "3"]
[White "Jacquet, Stephane"]
[Black "Li, Yi Lin"]
[Result "1-0"]
[WhiteElo "1938"]
[BlackElo "2047"]
[PlyCount "69"]
[EventDate "2019.05.08"]
[EventType "tourn"]
[EventRounds "5"]
[EventCountry "CAN"]

1. d4 d5 2. c4 e6 3. Nc3 Nf6 4. cxd5 exd5 5. Bg5 Nbd7 6. Qc2 h6 7. Bf4 c5 8.
Nf3 c4 9. e4 Bb4 10. Nd2 Bxc3 11. bxc3 O-O 12. Be2 Nb6 13. O-O Be6 14. e5 Nh7
15. Be3 f5 16. f4 Qe8 17. Nf3 Qa4 18. Qd2 Qa3 19. Nh4 Na4 20. Rac1 Rac8 21. g4
Rc6 22. gxf5 Bxf5 23. Nxf5 Rxf5 24. Bf3 Nb6 25. Qg2 Qa5 26. Kh1 Nf8 27. Qh3 Rf7
28. f5 Nc8 29. e6 Rf6 30. Bf2 g5 31. Bg3 Ne7 32. Be5 Rxf5 33. Qxh6 Rxe5 34. Bh5
Neg6 35. Bxg6 1-0

[Event "Mercredi 2019.05.08 ABCD"]
[Site "Montreal CAN"]
[Date "2019.05.22"]
[Round "3"]
[White "O'Connor, Michael"]
[Black "Allaire, Denis"]
[Result "1/2-1/2"]
[WhiteElo "1750"]
[BlackElo "1685"]
[PlyCount "43"]
[EventDate "2019.05.08"]
[EventType "tourn"]
[EventRounds "5"]
[EventCountry "CAN"]

1. d4 d5 2. Nf3 Nc6 3. c4 e5 4. e3 Bg4 5. Be2 Bb4+ 6. Nc3 Nge7 7. O-O O-O 8.
cxd5 Nxd5 9. Nxd5 Qxd5 10. Nxe5 Bxe2 11. Qxe2 Nxe5 12. dxe5 Qxe5 13. Rb1 Rad8
14. a3 Qe4 15. Ra1 Ba5 16. b4 Bb6 17. Rd1 Rxd1+ 18. Qxd1 c5 19. bxc5 Rd8 20.
Qe2 Bxc5 21. Bb2 Rd5 22. Rd1 1/2-1/2

[Event "Mercredi 2019.05.08 ABCD"]
[Site "Montreal CAN"]
[Date "2019.05.22"]
[Round "3"]
[White "Tremblay, Alain"]
[Black "Zheng, Richard"]
[Result "1/2-1/2"]
[WhiteElo "2076"]
[BlackElo "2170"]
[PlyCount "122"]
[EventDate "2019.05.08"]
[EventType "tourn"]
[EventRounds "5"]
[EventCountry "CAN"]

1. e4 c6 2. d4 d5 3. Nc3 dxe4 4. Nxe4 Nf6 5. Nxf6+ exf6 6. Be3 Bd6 7. Bd3 O-O
8. Qf3 Re8 9. Ne2 Nd7 10. h4 Nf8 11. h5 h6 12. O-O Be6 13. Nf4 Bxf4 14. Qxf4
Qd5 15. Be2 Qf5 16. Qg3 Kh8 17. Rac1 Rad8 18. c4 Nh7 19. Rfd1 Rg8 20. Qf3 Qxf3
21. Bxf3 Ng5 22. Bxg5 fxg5 23. d5 Bd7 24. g4 Rge8 25. Kg2 Kh7 26. Re1 g6 27.
hxg6+ Kxg6 28. Rxe8 Rxe8 29. Rd1 Kf6 30. b3 Re5 31. dxc6 Bxc6 32. Bxc6 bxc6 33.
Rd7 a5 34. Rc7 Re6 35. Kf3 Kg6 36. Ra7 h5 37. gxh5+ Kxh5 38. Rxf7 g4+ 39. Kg3
Re5 40. Rf4 a4 41. Rf6 a3 42. Rxc6 Re2 43. Rc5+ Kg6 44. Ra5 Rxa2 45. Kxg4 Rxf2
46. Rxa3 Kf6 47. Ra5 Ke6 48. Kg3 Rf1 49. Kg2 Rf8 50. b4 Rb8 51. b5 Rc8 52. Ra4
Kd6 53. Kf3 Kc5 54. Ke4 Rd8 55. Ke5 Re8+ 56. Kf6 Re1 57. Kf5 Re8 58. Kf6 Re1
59. Kf7 Re4 60. b6 Rd4 61. Ke7 Kxb6 1/2-1/2

[Event "Mercredi 2019.05.08 ABCD"]
[Site "Montreal CAN"]
[Date "2019.05.22"]
[Round "3"]
[White "Yu, Zong Yang"]
[Black "Pomerantz, Daniel"]
[Result "1/2-1/2"]
[WhiteElo "2484"]
[BlackElo "2156"]
[PlyCount "95"]
[EventDate "2019.05.08"]
[EventType "tourn"]
[EventRounds "5"]
[EventCountry "CAN"]

1. d4 Nf6 2. c4 e6 3. Nf3 Bb4+ 4. Nc3 c5 5. e3 O-O 6. Bd3 Nc6 7. O-O Bxc3 8.
bxc3 d6 9. Ng5 e5 10. d5 Ne7 11. f4 exf4 12. exf4 Bf5 13. Bxf5 Nxf5 14. g4 Ne7
15. Rb1 Rb8 16. Qf3 Qa5 17. f5 Qxa2 18. Bf4 Qxc4 19. Bxd6 Nexd5 20. Bxf8 Kxf8
21. Qg3 Qxg4 22. Nxh7+ Kg8 23. Nxf6+ Nxf6 24. Qxg4 Nxg4 25. Rfe1 Kf8 26. Re4
Nf6 27. Rc4 Nd7 28. Ra4 a6 29. Rd1 Nf6 30. Kg2 Re8 31. Ra2 Ne4 32. Rd7 Nxc3 33.
Rc2 Re2+ 34. Rxe2 Nxe2 35. Kf3 Nd4+ 36. Ke4 b5 37. Ra7 b4 38. Rxa6 b3 39. Rb6
Ke7 40. h3 f6 41. Kd5 Kf7 42. Kxc5 Nxf5 43. Rxb3 g5 44. Kd5 Kg6 45. Ra3 Nh4 46.
Ke4 Ng2 47. Rf3 Nf4 48. Rxf4 1/2-1/2

[Event "Mercredi 2019.05.08 ABCD"]
[Site "Montreal CAN"]
[Date "2019.05.29"]
[Round "4"]
[White "Allaire, Denis"]
[Black "Giurgiev, Silvius"]
[Result "1/2-1/2"]
[WhiteElo "1685"]
[BlackElo "1687"]
[PlyCount "139"]
[EventDate "2019.05.08"]
[EventType "tourn"]
[EventRounds "5"]
[EventCountry "CAN"]

1. e4 c6 2. d4 d5 3. exd5 cxd5 4. c4 Nf6 5. Nc3 e6 6. c5 Nc6 7. Bb5 Bd7 8. Nf3
Be7 9. O-O O-O 10. Bxc6 Bxc6 11. b4 a6 12. Ne5 Be8 13. Re1 Kh8 14. Bf4 g6 15.
Qf3 Ng8 16. Ng4 h5 17. Qh3 Kg7 18. Ne5 Bg5 19. Nxg6 fxg6 20. Be5+ Bf6 21. Qxe6
Bf7 22. Bxf6+ Nxf6 23. Qe7 Qc8 24. f3 Re8 25. Qd6 Qc6 26. Qg3 Rxe1+ 27. Rxe1
Re8 28. Re5 b6 29. Qe1 bxc5 30. bxc5 Rxe5 31. Qxe5 Qe6 32. Qxe6 Bxe6 33. Kf2
Nd7 34. Ke3 Kf6 35. Ne2 Nb8 36. Kd3 g5 37. g3 Bh3 38. Ke3 Bf1 39. Nc3 Bc4 40.
a3 Nc6 41. h3 g4 42. fxg4 hxg4 43. h4 Kf5 44. Nd1 Na5 45. Nf2 Bb5 46. h5 Nc4+
47. Kd3 Nxa3+ 48. Kc3 Be2 49. Kb4 Nb5 50. Ka5 Nxd4 51. Kb6 Bb5 52. h6 Kg6 53.
Nxg4 Nc6 54. h7 Kxh7 55. Nf6+ Kg6 56. Nxd5 Nb8 57. Kb7 Bc6+ 58. Kxb8 Bxd5 59.
Kc7 a5 60. Kd6 Bf3 61. Ke5 Kg5 62. Kd4 Bc6 63. Kc3 Kg4 64. Kb3 Kxg3 65. Ka3 Kf2
66. Kb2 Ke3 67. Kb1 Kd2 68. Kb2 Bd5 69. Kb1 Kc3 70. Ka1 1/2-1/2

[Event "Mercredi 2019.05.08 ABCD"]
[Site "Montreal CAN"]
[Date "2019.05.29"]
[Round "4"]
[White "Baran, Marius"]
[Black "Nunez, Omar"]
[Result "1/2-1/2"]
[WhiteElo "1857"]
[BlackElo "1899"]
[PlyCount "32"]
[EventDate "2019.05.08"]
[EventType "tourn"]
[EventRounds "5"]
[EventCountry "CAN"]

1. e4 g6 2. d4 Bg7 3. Nc3 d6 4. f4 Nc6 5. Be3 Nh6 6. h3 O-O 7. Nf3 f5 8. Bc4+
e6 9. e5 dxe5 10. dxe5 Qe7 11. Qe2 Rd8 12. O-O b6 13. Bf2 Nf7 14. Bh4 Qc5+ 15.
Bf2 Qe7 16. Bh4 Qc5+ 1/2-1/2

[Event "Mercredi 2019.05.08 ABCD"]
[Site "Montreal CAN"]
[Date "2019.05.29"]
[Round "4"]
[White "Barko, Maxim"]
[Black "Audet, Eric"]
[Result "1-0"]
[WhiteElo "1832"]
[BlackElo "1829"]
[PlyCount "67"]
[EventDate "2019.05.08"]
[EventType "tourn"]
[EventRounds "5"]
[EventCountry "CAN"]

1. e4 c6 2. Nf3 d5 3. Nc3 dxe4 4. Nxe4 Bg4 5. h3 Bh5 6. Ng3 Bg6 7. h4 h6 8. Ne5
Bh7 9. Qh5 g6 10. Qf3 Nf6 11. Qb3 Qd5 12. Qxb7 Qxe5+ 13. Be2 Qd6 14. d4 Nd5 15.
Qxa8 Qc7 16. Ba6 Nb4 17. Bd3 g5 18. Bd2 Nxd3+ 19. cxd3 Bg7 20. Rc1 Bxd4 21. Ne4
Bxe4 22. dxe4 Qb6 23. Rh3 O-O 24. Rb3 Qc7 25. Qb7 Qe5 26. Be3 Rd8 27. Rd1 Qxe4
28. Rxd4 Qb1+ 29. Ke2 Qc2+ 30. Rd2 Rxd2+ 31. Bxd2 Qc4+ 32. Ke1 Qe4+ 33. Re3
Qxg2 34. Qxb8+ 1-0

[Event "Mercredi 2019.05.08 ABCD"]
[Site "Montreal CAN"]
[Date "2019.05.29"]
[Round "4"]
[White "Boudreau, Daniel"]
[Black "Jacquet, Stephane"]
[Result "1/2-1/2"]
[WhiteElo "2023"]
[BlackElo "1938"]
[PlyCount "49"]
[EventDate "2019.05.08"]
[EventType "tourn"]
[EventRounds "5"]
[EventCountry "CAN"]

1. e4 c5 2. Nf3 Nc6 3. Bb5 g6 4. Bxc6 dxc6 5. O-O Bg7 6. Nc3 e5 7. d3 Ne7 8. b3
O-O 9. Be3 Qd6 10. Qd2 f5 11. Bh6 f4 12. Bxg7 Kxg7 13. h3 h6 14. Ne2 g5 15. c3
g4 16. hxg4 Bxg4 17. Nh2 Bh5 18. f3 Rad8 19. Rad1 Ng6 20. Qc1 Nh4 21. d4 Qg6
22. Rf2 Qd6 23. Rff1 Qg6 24. Rf2 Qd6 25. Rff1 1/2-1/2

[Event "Mercredi 2019.05.08 ABCD"]
[Site "Montreal CAN"]
[Date "2019.05.29"]
[Round "4"]
[White "Feoktistov, Dmitri"]
[Black "Tremblay, Alain"]
[Result "1-0"]
[WhiteElo "2198"]
[BlackElo "2076"]
[PlyCount "65"]
[EventDate "2019.05.08"]
[EventType "tourn"]
[EventRounds "5"]
[EventCountry "CAN"]

1. d4 Nf6 2. c4 e6 3. Nc3 c5 4. d5 exd5 5. cxd5 d6 6. e4 g6 7. f4 Bg7 8. Bb5+
Nfd7 9. a4 Qh4+ 10. g3 Qd8 11. Nf3 O-O 12. O-O Na6 13. Re1 Nb4 14. e5 a6 15. e6
Ne5 16. fxe5 axb5 17. exd6 Qxd6 18. Nxb5 Qb6 19. e7 Re8 20. d6 Bd7 21. Nc7 Bd4+
22. Be3 Bxb2 23. Rb1 Bf6 24. Rc1 Na6 25. Nxa8 Rxa8 26. Nd2 Bc6 27. Nc4 Qb4 28.
Bd2 Bd4+ 29. Kf1 Qxa4 30. Qxa4 Bxa4 31. Nb6 Rb8 32. Kg2 Bc6+ 33. Kh3 1-0